Technical report writing today (Record no. 4928)
[ view plain ]
| 000 -LEADER | |
|---|---|
| fixed length control field | 00467 a2200169 4500 |
| 020 ## - INTERNATIONAL STANDARD BOOK NUMBER | |
| International Standard Book Number | 0618433899 |
| 040 ## - CATALOGING SOURCE | |
| Original cataloging agency | DLC |
| Language of cataloging | DLC |
| 082 ## - DEWEY DECIMAL CLASSIFICATION NUMBER | |
| Classification number | 808.0666 |
| 100 1# - MAIN ENTRY--PERSONAL NAME | |
| Personal name | Riordan, Daniel G. |
| 245 10 - TITLE STATEMENT | |
| Title | Technical report writing today |
| Statement of responsibility, etc. | Daniel G. Riordan |
| 250 ## - EDITION STATEMENT | |
| Edition statement | 9th ed. |
| 260 ## - PUBLICATION, DISTRIBUTION, ETC. | |
| Place of publication, distribution, etc. | Boston : |
| Name of publisher, distributor, etc. | Houghton Mifflin Company, |
| Date of publication, distribution, etc. | c2005. |
| 300 ## - PHYSICAL DESCRIPTION | |
| Extent | xxx, 606 p. : |
| Other physical details | ill. ; |
| Dimensions | 24 cm. |
| 650 #0 - SUBJECT ADDED ENTRY--TOPICAL TERM | |
| Topical term or geographic name entry element | Technical writing. |
| 700 1# - ADDED ENTRY--PERSONAL NAME | |
| Personal name | Pauley, Steven E. |
| 942 ## - ADDED ENTRY ELEMENTS (KOHA) | |
| Koha item type | Book |
| Call number prefix | 808.0666 RIO |
| Source of classification or shelving scheme | |
| Withdrawn status | Lost status | Damaged status | Not for loan | Collection code | Permanent Location | Current Location | Shelving location | Date acquired | Source of acquisition | Cost, normal purchase price | Total Checkouts | Full call number | Barcode | Date last seen | Price effective from | Koha item type | Total Renewals | Date last checked out |
|---|---|---|---|---|---|---|---|---|---|---|---|---|---|---|---|---|---|---|
| Central Library (CL) | Central Library (CL) | General Stacks | 04/09/2007 | Allied Book Company | 5638.10 | 808.0666 RIO | SEECS008323 | 03/09/2021 | 01/05/2017 | Book | ||||||||
| Central Library (CL) | Central Library (CL) | General Stacks | 04/11/2007 | Allied Book Company | 5638.10 | 3 | 808.0666 RIO | SEECS008353 | 03/12/2025 | 01/05/2017 | Book | 2 | 10/12/2020 | |||||
| Central Library (CL) | Central Library (CL) | General Stacks | 04/11/2007 | Allied Book Company | 5638.10 | 1 | 808.0666 RIO | SEECS008354 | 02/24/2021 | 01/05/2017 | Book | 1 | 10/14/2020 | |||||
| Central Library (CL) | Central Library (CL) | General Stacks | 04/11/2007 | Allied Book Company | 5638.10 | 2 | 808.0666 RIO | SEECS008355 | 04/23/2025 | 01/05/2017 | Book | 6 | 09/18/2021 |
